000 01938cam a22003611i 4500
003 SA-RiAUC
005 20260315124000.0
008 260123s1905 ua g 000r0cara c
040 _aSA-MaHRM
_bara
_cSA-RiAUC
_erda
082 0 4 _a240
090 _aم ن 240
_bب ر ز
100 1 _aالبرزنجي، محمد بن عبد الرسول بن عبد السيد،
_d1040-1103 هجري
_eمؤلف.
245 1 0 _aكتاب سداد الدين وسداد الدين في النجاة والدرجات للوالدين /
_cتأليف محمد ابن الرسول البرزنجي الحسيني المدني.
246 3 0 _aسداد الدين وسداد الدين في إثبات النجاة والدرجات للوالدين
250 _aالطبعة الأولى.
264 1 _a[مكان النشر غير محدد] :
_b[الناشر غير محدد]،
_c1905
264 3 _a[القاهرة] :
_bمطبعة اللواء
300 _aأ-ز، 376 صفحة ؛
_c29 سم
336 _aنص
_btxt
_2rdacontent
_3كتاب
337 _aبدون وسيط
_bn
_2rdamedia
338 _aمجلد
_bnc
_2rdacarrier
500 _aيشتمل على ترجمة للمصنف.
535 1 _aمديرية الأوقاف العامة.
600 0 7 _aمحمد (صلى الله عليه وسلم)،
_d53 قبل الهجرة-11 هجري
_xعائلة
_2aucnm
600 1 7 _aعبد الله الذبيح، عبد الله بن عبد المطلب بن هاشم،
_d81-53 قبل الهجرة
_2aucnm
600 0 7 _aآمنة بنت وهب بن عبد مناف،
_dتوفي 45 قبل الهجرة
_2aucnm
650 7 _aأهل بيت الرسول
_2aucsh
650 7 _aالسيرة النبوية
_2aucsh
856 4 _uhttp://10.10.10.21/hipres/828/book.Web/bookTestPage.html
942 _2ddc
_cRBOOK COPY
_n0
949 _aSA-JeALM
_d260123
_umohamedma123
_n1
999 _c14588
_d14588